Municipalities of the Federated States of Micronesia - Statistics

General Stats
  • This quiz has been taken 15 times
  • The average score is 1 of 75
Answer Stats
Hint Answer Population (2000) % Correct
Chuuk Eot 382
40%
Pohnpei U 2685
40%
Pohnpei Sokehs 6444
20%
Yap Dalipebinau 645
0%
Chuuk Fanapanges 681
0%
Yap Eauripik 113
0%
Yap Elato 96
0%
Chuuk Ettal 267
0%
Yap Fais 215
0%
Chuuk Fananu 355
0%
Yap Fanif 547
0%
Yap Faraulap 221
0%
Chuuk Fefen 4062
0%
Chuuk Fono 397
0%
Yap Gagil 734
0%
Yap Gilman 233
0%
Chuuk Houk 451
0%
Yap Ifalik 561
0%
Yap Kanifay 275
0%
Pohnpei Kapingamarangi 474
0%
Pohnpei Kitti 6007
0%
Pohnpei Kolonia 5681
0%
Chuuk Kutu 873
0%
Yap Lamotrek 339
0%
Kosrae Lelu 2591
0%
Chuuk Losap 448
0%
Chuuk Lukunoch 927
0%
Yap Maap 592
0%
Pohnpei Madolenihmw 5420
0%
Chuuk Makur 156
0%
Kosrae Malem 1571
0%
Chuuk Moch 854
0%
Chuuk Murilo 607
0%
Pohnpei Mwoakilloa 177
0%
Chuuk Namoluk 407
0%
Chuuk Nema 997
0%
Pohnpei Nett 6158
0%
Yap Ngulu 26
0%
Chuuk Nomwin 711
0%
Pohnpei Nukuoro 362
0%
Chuuk Oneop 505
0%
Chuuk Onou 182
0%
Chuuk Onoun 598
0%
Chuuk Paata 1950
0%
Chuuk Parem 385
0%
Chuuk Piherarh 227
0%
Chuuk Piis-emmwar 427
0%
Chuuk Piis-paneu 523
0%
Pohnpei Pingelap 438
0%
Chuuk Pollap 905
0%
Chuuk Polle 1851
0%
Chuuk Polowat 1015
0%
Chuuk Ramanum 1011
0%
Yap Rull 2019
0%
Yap Rumung 126
0%
Chuuk Ruo 469
0%
Pohnpei Sapwuahfik 640
0%
Yap Satawal 531
0%
Chuuk Satawan 955
0%
Chuuk Ta 253
0%
Kosrae Tafunsak 2457
0%
Chuuk Tamatam 365
0%
Chuuk Tol 5129
0%
Yap Tomil 1023
0%
Chuuk Tonoas 3910
0%
Chuuk Tsis 490
0%
Chuuk Udot 1774
0%
Yap Ulithi 773
0%
Chuuk Uman 2847
0%
Chuuk Unanu 178
0%
Kosrae Utwa 1067
0%
Yap Weloy 1197
0%
Chuuk Weno 13802
0%
Yap Woleai 975
0%
Chuuk Wonei 1271
0%
No matching quizzes found
Score Distribution
Percent of People with Each Score
Percentile by Number Answered
Your Score History
You have not taken this quiz